Every Manchester United Goal Scorer in the 2002/03 Premier League - Statistics

General Stats
  • This quiz has been taken 13 times
  • The average score is 54 of 72
Answer Stats
AppleGame Scorer % Correct
Middlesbrough (H) van Nistelrooy
92%
Tottenham Hotspur (H) van Nistelrooy
92%
Charlton Athletic (A) van Nistelrooy
92%
Everton (H) van Nistelrooy
92%
West Ham United (A) van Nistelrooy
92%
Newcastle United (H) van Nistelrooy
92%
Newcastle United (H) van Nistelrooy
92%
Newcastle United (H) van Nistelrooy
92%
West Bromwich Albion (A) van Nistelrooy
92%
Southampton (A) van Nistelrooy
92%
Birmingham City (A) van Nistelrooy
92%
Manchester City (H) van Nistelrooy
92%
Fulham (H) van Nistelrooy
92%
Fulham (H) van Nistelrooy
92%
Fulham (H) van Nistelrooy
92%
Liverpool (H) van Nistelrooy
92%
Liverpool (H) van Nistelrooy
92%
Newcastle United (A) van Nistelrooy
92%
Arsenal (A) van Nistelrooy
92%
Blackburn Rovers (H) van Nistelrooy
92%
Tottenham Hotspur (A) van Nistelrooy
92%
Charlton Athletic (H) van Nistelrooy
92%
Charlton Athletic (H) van Nistelrooy
92%
Charlton Athletic (H) van Nistelrooy
92%
Everton (A) van Nistelrooy
92%
Chelsea (A) Beckham
75%
Birmingham City (H) Beckham
75%
Sunderland (H) Beckham
75%
Aston Villa (A) Beckham
75%
Charlton Athletic (H) Beckham
75%
Everton (A) Beckham
75%
Charlton Athletic (A) Scholes
75%
Everton (H) Scholes
75%
Everton (H) Scholes
75%
Newcastle United (H) Scholes
75%
Arsenal (H) Scholes
75%
Sunderland (H) Scholes
75%
West Bromwich Albion (A) Scholes
75%
Chelsea (H) Scholes
75%
Newcastle United (A) Scholes
75%
Newcastle United (A) Scholes
75%
Newcastle United (A) Scholes
75%
Blackburn Rovers (H) Scholes
75%
Blackburn Rovers (H) Scholes
75%
Tottenham Hotspur (A) Scholes
75%
Chelsea (A) Giggs
67%
Sunderland (A) Giggs
67%
Charlton Athletic (A) Giggs
67%
Middlesbrough (A) Giggs
67%
Southampton (A) Giggs
67%
Liverpool (H) Giggs
67%
Newcastle United (A) Giggs
67%
Arsenal (A) Giggs
67%
Southampton (H) P. Neville
58%
Leeds United (H) Silvestre
58%
West Bromwich Albion (H) Solskjaer
58%
Fulham (A) Solskjaer
58%
Manchester City (A) Solskjaer
58%
Newcastle United (H) Solskjaer
58%
West Ham United (H) Solskjaer
58%
West Bromwich Albion (A) Solskjaer
58%
Bolton Wanderers (A) Solskjaer
58%
Liverpool (H) Solskjaer
58%
Newcastle United (A) Solskjaer
58%
Aston Villa (H) Forlan
50%
Southampton (H) Forlan
50%
Liverpool (A) Forlan
50%
Liverpool (A) Forlan
50%
Birmingham City (H) Forlan
50%
Chelsea (H) Forlan
50%
Arsenal (H) Veron
42%
West Ham United (H) Veron
42%
No matching quizzes found
Score Distribution
Percent of People with Each Score
Percentile by Number Answered
Your Score History
You have not taken this quiz